T. 2. Traduction; Histoire des Mogols et des Tatares par Aboul-Ghazi Behadour Khan

Xehetasun bibliografikoak
Parent link:Histoire des Mogols et des Tatares par Aboul-Ghazi Behadour Khan: [в 2-х тт.]/ B. K. (Б. Х.) Aboul-Ghazi (Абулгази). T. 2. Traduction.— , 1871-1874
Beste egile batzuk: Desmaisons B. Baron (переводчик)
Gaia:перевод Т. 1
генеал. табл. в конце кн.
Hizkuntza:frantsesa
arabiera
Argitaratua: 1874
Gaiak:
Formatua: Liburua
KOHA link:https://koha.lib.tpu.ru/cgi-bin/koha/opac-detail.pl?biblionumber=332038

MARC

LEADER 00000nam2a2200000 4500
001 332038
005 20231102004421.0
035 |a (RuTPU)RU\TPU\book\357937 
035 |a RU\TPU\book\357928 
090 |a 332038 
100 |a 20170515d1874 k y0frey50 ba 
101 1 |a fre  |a ara 
102 |a RU 
105 |a j z 000zy 
200 0 |a T. 2. Traduction  |f пер. B. Desmaisons 
210 |d 1874 
215 |a 393 с. 
300 |a перевод Т. 1 
300 |a генеал. табл. в конце кн. 
461 1 |0 (RuTPU)RU\TPU\book\357747  |t Histoire des Mogols et des Tatares par Aboul-Ghazi Behadour Khan  |o [в 2-х тт.]  |f B. K. (Б. Х.) Aboul-Ghazi (Абулгази)  |v T. 2. Traduction  |d 1871-1874 
606 1 |a Азия  |x История  |2 stltpush  |3 (RuTPU)RU\TPU\subj\68948  |9 84005 
610 1 |a монголы 
610 1 |a татары 
610 1 |a Абулгази 
610 1 |a хан Хорезма 
610 1 |a рукопись 
686 |a Т3(5)  |v LBC/SL-A  |2 rubbk 
702 1 |a Desmaisons  |b B.  |g Baron  |4 730 
801 1 |a RU  |b 63413507  |c 20170515 
801 2 |a RU  |b 63413507  |c 20191122  |g RCR 
942 |c BK